Communicating at work : creating messages that get results
Αποθηκεύτηκε σε:
| Κύριος συγγραφέας: | |
|---|---|
| Μορφή: | Βιβλίο |
| Γλώσσα: | English |
| Δημοσίευση: |
Ontario :
Prentice Hall,
1997
|
| Έκδοση: | 2nd ed. |
| Θέματα: | |
| Ετικέτες: |
Προσθήκη ετικέτας
Δεν υπάρχουν, Καταχωρήστε ετικέτα πρώτοι!
|
MARC
| LEADER | 00000nam a2200000 i 4500 | ||
|---|---|---|---|
| 001 | 1/57100 | ||
| 008 | 980511s1997 eng d | ||
| 020 | |a 0133246744 | ||
| 035 | |l 10028134 | ||
| 040 | |a GR-MY-UA |b gre |e aacr | ||
| 041 | 0 | |a eng | |
| 082 | 0 | |a 808.06665 | |
| 100 | 1 | |a Blicq, Ron |d 1925- | |
| 245 | 1 | 0 | |a Communicating at work : |b creating messages that get results / |c Ron S. Blicq |
| 250 | |a 2nd ed. | ||
| 260 | |a Ontario : |b Prentice Hall, |c 1997 | ||
| 300 | |a xi, 403 σ. |e 1 δισκέτα | ||
| 504 | |a Περιλαμβάνει ευρετήριο | ||
| 650 | 0 | 0 | |a Business writing. |
| 650 | 0 | 0 | |a Business report writing. |
| 650 | 0 | 0 | |a Business presentations. |
| 650 | 0 | 0 | |a Business communication. |
| 852 | |a INST |b CHIOS |e 19980511 |h 808.06665 BLI |p 005200016549 |q 005200016549 |t BK |y 0 | ||
| 901 | |a BIBL-1998-2 | ||
| 909 | |a Χ |b 055134 | ||
| 909 | |a X |b 055043 | ||
| 922 | |a 2ΕΛΗ |b 199803 |c ΤΔΕ |d ΠΑΠΑΣΩΤΗΡΙΟΥ | ||